Európsky marketing - koncept pre efektívnu výmenu na jednotnom trhu Európskej únie

Vznik a podstata európskeho marketingu. Intenzita vzťahov medzi národným a európskym marketingom. Porovnanie národného a medzinárodného marketingu. Špecifiká európskeho marketingu.

Na minha lista:
Detalhes bibliográficos
Autor principal: Cibáková, Viera
Outros Autores: Čihovská, Viera
Formato: Capítulo de Livro
Idioma:eslovaco
Assuntos:
Tags: Adicionar Tag
Sem tags, seja o primeiro a adicionar uma tag!

MARC

LEADER 00000nla a2200000 4500
001 0209554
005 20240502073501.4
041 0 |a slo 
044 |a SK 
245 1 0 |a Európsky marketing - koncept pre efektívnu výmenu na jednotnom trhu Európskej únie  |c Viera Cibáková, Viera Čihovská 
520 |a Vznik a podstata európskeho marketingu. Intenzita vzťahov medzi národným a európskym marketingom. Porovnanie národného a medzinárodného marketingu. Špecifiká európskeho marketingu. 
610 2 0 |a marketing 
610 2 0 |a marketing medzinárodný 
610 2 0 |a komunikácia marketingová 
610 2 0 |a trh 
610 2 0 |a segmentácia trhu 
610 2 0 |a produkty 
610 2 0 |a značky 
610 2 0 |a politika cenová 
610 2 0 |a Európa 
100 1 |a Cibáková, Viera 
700 1 |a Čihovská, Viera